书目信息 |
| 题名: |
多联式空调(热泵)机组能效限定值及能源效率等级
|
|
| 作者: | ;中华人民共和国国家质量监督检验检疫总局 | |
| 分册: | ||
| 出版信息: |
|
|
| 页数: | 2页 | |
| 开本: | 26cm | |
| 丛书名: | ||
| 单 册: | ||
| 中图分类: | TU831.4-62 , T-65 | |
| 科图分类: | ||
| 主题词: | 空气调节设备--kong qi tiao jie she bei--指南 , 工业技术--规程 , 工业技术--标准 | |
| 电子资源: | ||
| ISBN: | ||
| 000 | 00991nam0 2200229 450 | |
| 001 | 1553028367 | |
| 005 | 20150429145938.78 | |
| 010 | @dCNY14.00 | |
| 100 | @a20110623d em y0chiy50 ea | |
| 101 | 0 | @achi |
| 105 | @aa z 000yy | |
| 200 | 1 | @a多联式空调(热泵)机组能效限定值及能源效率等级@Aduo lian shi kong diao(re beng)ji zu neng xiao xian ding zhi ji neng yuan xiao lu deng ji@f中华人民共和国国家质量监督检验检疫总局@Fzhong hua ren min gong he guo guo jia zhi liang jian du jian yan jian yi zong ju |
| 215 | @a2页@c图@d26cm | |
| 333 | @a本书适用于制冷、空调领域的产品研发、质量检测、工程设计、施工运行等专业技术人员 | |
| 606 | 0 | @a空气调节设备@Akong qi tiao jie she bei@j指南 |
| 606 | 0 | @a工业技术@x规程 |
| 606 | 0 | @a工业技术@x标准 |
| 690 | @aTU831.4-62@v5 | |
| 690 | @aT-65@v4 | |
| 711 | 02 | @a中华人民共和国国家质量监督检验检疫总局@Azhong hua ren min gong he guo guo jia zhi liang jian du jian yan jian yi zong ju |
| 801 | 0 | @aCN@c20110610 |
| 905 | @b1016225-7@dT-65@eG9362@f3 | |
| 多联式空调(热泵)机组能效限定值及能源效率等级/中华人民共和国国家质量监督检验检疫总局 |
| 2页:图;26cm |
| 使用对象:本书适用于制冷、空调领域的产品研发、质量检测、工程设计、施工运行等专业技术人员 |
| ISBN :CNY14.00 |
| ● |
| 相关链接 |
|
|
|
正题名:多联式空调(热泵)机组能效限定值及能源效率
索取号:T-65/G9362
 
预约/预借
| 序号 | 登录号 | 条形码 | 馆藏地/架位号 | 状态 | 备注 |
| 1 | 496785 | 204967857 | 能源与建筑环境工程学院资料室/ [索取号:T-65/G9362] | 在馆 | |
| 2 | 496800 | 204968008 | 能源与建筑环境工程学院资料室/ [索取号:T-65/G9362] | 在馆 | |
| 3 | 497035 | 204970353 | 能源与建筑环境工程学院资料室/ [索取号:T-65/G9362] | 在馆 | |
| 4 | 497038 | 204970380 | 能源与建筑环境工程学院资料室/ [索取号:T-65/G9362] | 在馆 |